Lindenfeld József
Elmentve itt :
| Dokumentumtípus: | Cikk |
|---|---|
| Megjelent: |
1925-10-28
|
| Sorozat: | Délmagyarország
1 No. 130 |
| Kulcsszavak: | Lindenfeld József, Gyászjelentés Szeged 1925 |
| Online Access: | http://dmarchiv.bibl.u-szeged.hu/37564 |
| LEADER | 00420nab a2200145 i 4500 | ||
|---|---|---|---|
| 001 | delm37564 | ||
| 005 | 20180927112928.0 | ||
| 008 | 180927s1925 hu o 0|| hun d | ||
| 040 | |a SZTE Délmagyarország Archívum |b hun | ||
| 041 | |a hun | ||
| 245 | 0 | 0 | |a Lindenfeld József |h [elektronikus dokumentum] |
| 260 | |c 1925-10-28 | ||
| 300 | |a 9 | ||
| 490 | 0 | |a Délmagyarország |v 1 No. 130 | |
| 695 | |a Lindenfeld József, Gyászjelentés Szeged 1925 | ||